000 00544nam a2200169Ia 4500
003 GCL
008 140319s9999 xx 000 0 ara d
040 _aGCL /
_cGCL
082 0 4 _a016
_bم ب
245 1 0 _aالبيبليوغرافيا: مصادر عن المرأة فى اللغة العربية المتوفرة فى مؤسسات دولة فلسطين
300 _a120 ص
490 _a
650 0 4 _aفلسطين
650 0 4 _aالببليوجرافيات الموضوعية
650 0 4 _aالمرأة فى الادب
942 _2ddc
_cBK
999 _c37996
_d37996